Compendivm Temporvm Et Historiarvm Ecclesiasticarum ab ascensione Christi vsqve ad nostra tempora, ex sacratis & probatis ecclesiasticis scriptoribus desumptum.

Bibliographic Details
Main Author: Rioche, Jean (Author, Dedicator)
Corporate Author: Guillaume Julien (Paríž, Francúzsko) (Printer)
Other Authors: Guillaume Julien (Printer)
Format: Book
Language:Latin
PhysicalDescription:4 nečíslované listy, 546 číslovaných listov, 16 nečíslovaných listov 8°
Subjects:

MARC

LEADER 00000nam a2200000 4500
001 vtls012025384
003 SK-MaSNL
005 20260302003501.0
008 210428s1576 fr f 010 0 lat
015 |a SNBHFA 
040 |a SNKHF  |b slo  |c SNKHF  |e rda 
041 0 |a lat 
044 |a fr  |c FR 
072 7 |a 93/94  |x Dejiny (všeobecne)  |2 konspekt 
080 |a 93/94  |2 2011 
080 |a 94"04/14"  |2 2011 
080 |a 27  |2 2011 
100 1 |a Rioche, Jean  |4 aut  |4 dto  |9 642232 
245 1 0 |a Compendivm Temporvm Et Historiarvm Ecclesiasticarum ab ascensione Christi vsqve ad nostra tempora, ex sacratis & probatis ecclesiasticis scriptoribus desumptum.  |c  Authore fratre Iohanne Rioche, ordinis Minorum prouinciae Britanniae: aliàs ministro prouinciali, ac gardiano Sancti Brioci 
264 3 |a [Lüneburg]  |b [Cornelius Johann Stern]  |c [1711] 
300 |a 4 nečíslované listy, 546 číslovaných listov, 16 nečíslovaných listov  |c 8° 
336 |a text  |b txt  |2 rdacontent 
337 |a bez média  |b n  |2 rdamedia 
338 |a zväzok  |b nc  |2 rdacarrier 
500 |a Vinety, ozdobné iniciálky na 4 riadky, ozdobné iniciálky v rámčeku na 4 riadky, kustody 
504 |a Marginálie 
508 |a Dedikácia: Rioche, Jean; Langelier, Nicolas 
546 |a Latinčina  |b Kurzíva 
563 |a Väzba: rštaurovaná.  |5 SNK ID 58477 
650 0 7 |a dejiny  |2 SNKPH  |9 3825 
650 0 7 |a stredovek  |2 SNKPH  |9 4259 
650 0 7 |a kresťanstvo  |2 SNKPH  |9 2024 
700 1 |a Guillaume Julien  |4 prt  |9 642233 
700 1 |a Langelier, Nicolas,  |d 1520-1595  |4 hnr  |9 642234 
710 0 |a Guillaume Julien (Paríž, Francúzsko)  |4 prt  |9 642235 
752 |a Francúzsko  |d Paríž 
852 |a snk  |p ID 58477 
958 |a DA 
958 |a ONDV 
999 |c 992176  |d 994106 
952 |t Tlače 16.s toročia  |a SNK  |b SNK  |c SNK_HF  |y PREZ  |7 0  |p 17A1358581  |o snkID 58477  |i snkF 4063/91  |0 0  |1 0  |4 0  |d 2021-04-28  |f 1  |l 0  |r 2026-02-24 11:53:06  |w 2026-02-24